| 000 | 00535nam a22001937a 4500 | ||
|---|---|---|---|
| 003 | NUST | ||
| 005 | 20230125150501.0 | ||
| 008 | 190710b ||||| |||| 00| 0 eng d | ||
| 038 | _aMr. Zahoor | ||
| 082 | _a510 | ||
| 100 |
_aAzeem, Sumbul _916847 |
||
| 245 |
_aRelationship Between M - Convexity and Ultramodularity _cSumbul Azeem |
||
| 260 |
_aIslamabad : _bCAMP - NUST _c2013. |
||
| 300 |
_a47 p. : _b30cm. |
||
| 500 | _aHardcover | ||
| 650 |
_aDr. Rashid Farooq _917259 |
||
| 700 |
_aSumbul Azeem _917260 |
||
| 942 |
_2ddc _cTHE |
||
| 999 |
_c526284 _d526284 |
||